| 000 | 00426nam a22001217a 4500 | ||
|---|---|---|---|
| 008 | 230619b xxu||||| |||| 00| 0 eng d | ||
| 082 |
_a303.69 _bBRO |
||
| 100 |
_cMaria Brockhaus, Tanja Pickardt, Barbara Rischkowsky _d2003 |
||
| 245 |
_aMediation in a Changing Landscape: _bSuccess and failure in managing conflicts over natural resources in Southwest Burkina Faso |
||
| 260 |
_aGermany _c2003 |
||
| 300 | _a35p | ||
| 942 |
_2ddc _cBK |
||
| 999 |
_c1308 _d1308 |
||